• 首页
  • 本馆介绍
  • 公告通知
  • 最新文献
  • 馆藏检索
  • 电子资源
  • 读者导购
  • 参考咨询
  • 我的图书馆
  • 登录
  • 详细信息显示
  • 放入我的书架
  • 预约/预借图书
  • 作者相关作品
  • 分类相关作品
  • 丛书相关作品
  • 出版社相关作品

书目信息

  • 表格格式
  • 工作单格式
  • 卡片格式
题名:
美体塑身完全指南
    
 
作者: 矫林江 编著
分册:  
出版信息: 北京   中国纺织出版社  2009
页数: 144页
开本: 23cm
丛书名:
单 册:
中图分类: G831.3
科图分类:
主题词: 女性--健身运动 , 女性 , 健身运动
电子资源:
ISBN: 978-7-5064-5744-6
000 00907nam0 2200265 45
001 1132143984
005 20110314090455.85
010    @a978-7-5064-5744-6@dCNY32.00
100    @a20110123d2009 em y0chiy50 ea
101 0  @achi
102    @aCN@b110000
105    @aa z 000yy
106    @ar
200 1  @a美体塑身完全指南@AMei Ti Su Shen Wan Quan Zhi Nan@f矫林江编著@FJiao Lin Jiang Bian Zhu
210    @a北京@c中国纺织出版社@d2009
215    @a144页@c彩图@d23cm@e附光盘1片
307    @a附光盘:ISBN 978-7-88310-107-9 ISRC CN-C11-09-0012-0
330    @a本书介绍了瑜伽、肚皮舞、普拉提、钢管舞四项健身运动,以及如何进行美体瘦身的方法,包括健康饮食法则,腹、美胸、美臀、美腿攻略等内容。
606 0  @a女性@x健身运动
606 0  @a女性
606 0  @a健身运动
690    @aG831.3@v4
701  0 @a矫林江@AJiao Lin Jiang@4编著
801  0 @aCN@bTANGWEI@c20110314
905    @b0533127-31@dG831.3@e111@f5
    
    美体塑身完全指南/矫林江编著.-北京:中国纺织出版社,2009
    144页:彩图;23cm+附光盘1片
    
    
    ISBN 978-7-5064-5744-6:CNY32.00
    本书介绍了瑜伽、肚皮舞、普拉提、钢管舞四项健身运动,以及如何进行美体瘦身的方法,包括健康饮食法则,腹、美胸、美臀、美腿攻略等内容。
●
相关链接 在E读中查询图书 在五车中查询图书 在当当中查询图书 在豆瓣中查询图书


正题名:美体塑身完全指南     索取号:G831.3/111         预约/预借

序号 登录号 条形码 馆藏地/架位号 状态 备注
1 0533127   205331274   第一样本阅览室/ [索取号:G831.3/111] 在馆    
2 0533128   205331283   第四借阅区/ [索取号:G831.3/111] 在馆    
3 0533129   205331292   第四借阅区/ [索取号:G831.3/111] 在馆    
4 0533130   205331309   第四借阅区/ [索取号:G831.3/111] 在馆    
5 0533131   205331318   密集书库-体育系/ [索取号:G831.3/111] 在馆    
唐山师范学院图书馆 欢迎您!
大连网信软件有限公司© 版权所有